| 000 | 01384nam0a2200337 i 4500 | ||
|---|---|---|---|
| 001 | RU\NLR\bibl\1949926 | ||
| 005 | 20241103194330.0 | ||
| 010 |
_a978 5874443627 _9500 |
||
| 021 |
_aRU _b2012-68114 _94997 |
||
| 035 | _a(NLR Aleph) 001939084 | ||
| 090 |
_a3540526 _c3540526 |
||
| 100 | _a20121001d2012 u y0rusy50 ca | ||
| 101 | 0 | _arus | |
| 102 | _aRU | ||
| 105 | _ay ||||||||| | ||
| 200 | 1 |
_aАкадемик Николай Вавилов _eисторическая драма _eпьеса в пяти действиях с эпилогом, документальным приложением и фотографиями _fЯ.Г. Рокитянский |
|
| 205 | _a3-е изд. испр. и доп. | ||
| 210 |
_aМосква _cAcademia _d2012 |
||
| 215 |
_a204 с. _cил., портр. _d16 |
||
| 320 | _aБиблиогр.: с. 201-203 (16 назв.) | ||
| 320 | _aДр. кн. авт. на 4-й с. обл. | ||
| 600 | 1 |
_aВавилов _bН.И. _f1887 - 1943 _gНиколай Иванович _xв художественной литературе _91216728 _3RU\NLR\auth\66176236 |
|
| 686 | _aШ6(2=Р)75-62 | ||
| 700 | 1 |
_aРокитянский _bЯ. Г. _f1940- _gЯков Григорьевич _4070 |
|
| 801 | 0 |
_aRU _bNLR _c20121001 _gRCR |
|
| 801 | 1 |
_aRU _bNLR _c20121001 |
|
| 830 | _aпо кн | ||
| 942 | _cBOOK | ||
| 980 | _aNBR | ||